[Event "TUR-chT2"]
[Site "Konya"]
[Date "2018.07.15"]
[Round "9.13"]
[White "Ozbilici, Abdullah"]
[Black "Iyigun, Emirhan"]
[Result "1-0"]
[WhiteElo "1663"]
[BlackElo "1535"]
[PlyCount "57"]
[EventDate "2018.07.10"]
[EventType "team-swiss"]
[EventRounds "9"]
[EventCountry "TUR"]
[SourceTitle "EXT 2019"]
[Source "ChessBase"]
[SourceDate "2018.10.10"]
[SourceVersion "1"]
[SourceVersionDate "2018.10.10"]
[SourceQuality "1"]
[WhiteTeam "Artvin Il Ozel"]
[BlackTeam "Antalya Deniz Genclik"]
[WhiteTeamCountry "TUR"]
[BlackTeamCountry "TUR"]

1. d4 g6 2. e4 Bg7 3. Nc3 c6 4. Nf3 d6 5. h3 Nf6 6. Bg5 0-0 7. Qd2 h5 8. 0-0-0 Nbd7 9. Kb1 e5 10. g4 Qc7 11. Bh6 b5 12. Bd3 a5 13. Rdg1 b4 14. Ne2 c5 15. Ng3 c4 16. Bxg7 Kxg7 17. Qg5 cxd3 18. Nf5+ Kg8 19. gxh5 dxc2+ 20. Kc1 Nxh5 21. Qxh5 Nf6 22. Qh6 Bxf5 23. exf5 b3 24. a3 Qc6 25. Nh4 Ra7 26. Nxg6 fxg6 27. Rxg6+ Kf7 28. Rxf6+ Ke7 29. Qg7+ 1-0

[Event "TUR-chT2"]
[Site "Konya"]
[Date "2017.07.15"]
[Round "9.1"]
[White "Ozbilici, Abdullah"]
[Black "Akman, Ozgur"]
[Result "0-1"]
[WhiteElo "1719"]
[BlackElo "1934"]
[PlyCount "84"]
[EventDate "2017.07.09"]
[EventType "team-swiss"]
[EventRounds "9"]
[EventCountry "TUR"]
[SourceTitle "CBM 179 Extra"]
[Source "ChessBase"]
[SourceDate "2017.08.23"]
[SourceVersion "1"]
[SourceVersionDate "2017.08.23"]
[SourceQuality "1"]
[WhiteTeam "Cendosk Cendere Doga"]
[BlackTeam "Ankara DSI Genclik"]
[WhiteTeamCountry "TUR"]
[BlackTeamCountry "TUR"]

1. d4 Nf6 2. c4 e6 3. Nc3 Bb4 4. Qc2 0-0 5. a3 Bxc3+ 6. Qxc3 b6 7. Bg5 Bb7 8. Nf3 d6 9. e3 Nbd7 10. Qc2 h6 11. Bh4 c5 12. Be2 cxd4 13. exd4 Rc8 14. b4 Qc7 15. Qb3 Ne4 16. 0-0 f5 17. h3 f4 18. Qd3 g5 19. Rac1 gxh4 20. d5 Ndf6 21. Nd4 Ng5 22. dxe6 Be4 23. Qd2 Nxh3+ 24. Kh2 Qg7 25. Bf3 Ng5 26. Qxf4 Nfh7 27. Qe3 Bxf3 28. Nxf3 Nxf3+ 29. gxf3 Qe5+ 30. Qxe5 dxe5 31. Rfe1 Ng5 32. Kg2 h3+ 33. Kg3 Rxf3+ 34. Kg4 Rf4+ 35. Kg3 Rcxc4 36. Rxc4 Rxc4 37. Rxe5 Rc3+ 38. Kg4 Kf8 39. f4 h2 40. Re1 Nxe6 41. Rh1 Rc2 42. Kf5 Kf7 0-1

[Event "TUR-chT2"]
[Site "Konya"]
[Date "2017.07.13"]
[Round "7.4"]
[White "Ozbilici, Abdullah"]
[Black "Gonen, Mutlu"]
[Result "1-0"]
[WhiteElo "1719"]
[BlackElo "1656"]
[PlyCount "97"]
[EventDate "2017.07.09"]
[EventType "team-swiss"]
[EventRounds "9"]
[EventCountry "TUR"]
[SourceTitle "CBM 179 Extra"]
[Source "ChessBase"]
[SourceDate "2017.08.23"]
[SourceVersion "1"]
[SourceVersionDate "2017.08.23"]
[SourceQuality "1"]
[WhiteTeam "Cendosk Cendere Doga"]
[BlackTeam "Burhaniye"]
[WhiteTeamCountry "TUR"]
[BlackTeamCountry "TUR"]

1. e4 c6 2. d4 d5 3. exd5 cxd5 4. Bf4 Nf6 5. c3 Nc6 6. Bd3 Qb6 7. Qb3 Qxb3 8. axb3 e6 9. h3 Be7 10. b4 0-0 11. b5 Nd8 12. Nf3 Nd7 13. 0-0 b6 14. Nbd2 Nb7 15. Ra2 Bd6 16. Bxd6 Nxd6 17. Rfa1 Bb7 18. Rxa7 Rxa7 19. Rxa7 Ra8 20. Rxa8+ Bxa8 21. Ne5 Nb8 22. f4 f6 23. Nef3 Nd7 24. b3 Kf7 25. Kf2 Ne4+ 26. Bxe4 dxe4 27. Ne1 Ke7 28. Ke3 f5 29. c4 h6 30. Nb1 g5 31. Nc3 Kd6 32. b4 Kc7 33. Nc2 Nf6 34. Ne2 Ne8 35. Kd2 Nd6 36. Ne3 Kd7 37. g3 Ke7 38. Nc3 Ne8 39. Na4 gxf4 40. gxf4 Nf6 41. Nxb6 Bb7 42. Nd1 Kd8 43. Na4 Kc7 44. b6+ Kb8 45. Nc5 Bc8 46. b5 Ne8 47. Ne3 Nf6 48. Nc2 Nd7 49. b7 1-0

[Event "TUR-chT2"]
[Site "Konya"]
[Date "2017.07.12"]
[Round "6.11"]
[White "Dinler, Oral"]
[Black "Ozbilici, Abdullah"]
[Result "0-1"]
[WhiteElo "1749"]
[BlackElo "1719"]
[PlyCount "96"]
[EventDate "2017.07.09"]
[EventType "team-swiss"]
[EventRounds "9"]
[EventCountry "TUR"]
[SourceTitle "CBM 179 Extra"]
[Source "ChessBase"]
[SourceDate "2017.08.23"]
[SourceVersion "1"]
[SourceVersionDate "2017.08.23"]
[SourceQuality "1"]
[WhiteTeam "Sinop Kultur"]
[BlackTeam "Cendosk Cendere Doga"]
[WhiteTeamCountry "TUR"]
[BlackTeamCountry "TUR"]

1. d4 g6 2. c4 Bg7 3. Nf3 d6 4. g3 c6 5. Bg2 Nf6 6. 0-0 0-0 7. Nc3 Nbd7 8. Bd2 Rb8 9. Rc1 b5 10. cxb5 cxb5 11. e3 a6 12. Qb3 Nb6 13. Qc2 Bb7 14. b3 Rc8 15. Qb1 Qd7 16. Ne2 Be4 17. Qb2 Qb7 18. Ne1 Bxg2 19. Nxg2 Ne4 20. f3 Nxd2 21. Qxd2 Rxc1 22. Nxc1 Rc8 23. e4 Qc6 24. Ne2 Qc2 25. Rd1 Bh6 26. Nef4 Qxd2 27. Rxd2 e5 28. dxe5 dxe5 29. Rd6 Bf8 30. Rxb6 Bc5+ 31. Kf1 Bxb6 32. Nd5 Rc1+ 33. Ne1 Bd4 34. Ke2 Ra1 35. Nc2 Rxa2 36. Ndb4 Rb2 37. Kd2 Rxb3 38. Nd3 a5 39. f4 f6 40. Nxd4 exd4 41. e5 Rxd3+ 42. Kxd3 fxe5 43. fxe5 a4 44. Kxd4 Kf7 45. Kc5 Ke6 46. Kd4 a3 47. Kc3 Kxe5 48. Kb3 b4 0-1

[Event "TUR-chT2"]
[Site "Konya"]
[Date "2017.07.09"]
[Round "1.10"]
[White "Oz, Mesut"]
[Black "Ozbilici, Abdullah"]
[Result "0-1"]
[WhiteElo "1486"]
[BlackElo "1719"]
[PlyCount "82"]
[EventDate "2017.07.09"]
[EventType "team-swiss"]
[EventRounds "9"]
[EventCountry "TUR"]
[SourceTitle "CBM 179 Extra"]
[Source "ChessBase"]
[SourceDate "2017.08.23"]
[SourceVersion "1"]
[SourceVersionDate "2017.08.23"]
[SourceQuality "1"]
[WhiteTeam "Karaman Idman Yurdu"]
[BlackTeam "Cendosk Cendere Doga"]
[WhiteTeamCountry "TUR"]
[BlackTeamCountry "TUR"]

1. d4 d5 2. Nf3 Nc6 3. Bf4 e6 4. e3 Bd6 5. Bxd6 cxd6 6. c4 dxc4 7. Bxc4 d5 8. Be2 Nf6 9. Nc3 0-0 10. 0-0 Bd7 11. Rc1 a6 12. a3 Qe7 13. Ne5 Nxe5 14. dxe5 Ne8 15. Na4 Bc6 16. Nb6 Rd8 17. Qd4 f6 18. f4 g6 19. b4 Ng7 20. Bd3 Nf5 21. Bxf5 exf5 22. Rc5 Qe6 23. a4 fxe5 24. fxe5 Rfe8 25. b5 Bxb5 26. axb5 Qxb6 27. bxa6 bxa6 28. Rxd5 Qxd4 29. Rxd4 Kf7 30. Rb1 Ra8 31. Rd5 a5 32. Rb6 a4 33. Rf6+ Kg7 34. Rd7+ Kh6 35. Rff7 Rh8 36. e6 a3 37. Rd1 a2 38. Ra1 Rhb8 39. e7 Rb1+ 40. Kf2 Rxa1 41. Rf8 Rf1+ 0-1

[Event "Kahramanmaras op 7th"]
[Site "Kahramanmaras"]
[Date "2016.04.07"]
[Round "5.6"]
[White "Ozbilici, Abdullah"]
[Black "Soysal, Serkan"]
[Result "1/2-1/2"]
[WhiteElo "1763"]
[BlackElo "2357"]
[PlyCount "61"]
[EventDate "2016.04.04"]
[EventType "swiss"]
[EventRounds "9"]
[EventCountry "TUR"]
[SourceTitle "EXT 2018"]
[Source "ChessBase"]
[SourceDate "2017.10.13"]
[SourceVersion "1"]
[SourceVersionDate "2017.10.13"]
[SourceQuality "1"]

1. d4 d6 2. c4 e5 3. d5 f5 4. e4 fxe4 5. Nc3 Nf6 6. Nge2 Bf5 7. Ng3 Bg6 8. h4 h6 9. Qc2 Na6 10. b4 Kf7 11. a3 Be7 12. h5 Bh7 13. Ncxe4 Nb8 14. Bd3 Nbd7 15. Nxf6 Bxd3 16. Qxd3 Bxf6 17. Qg6+ Kf8 18. Ne4 Qe8 19. Qf5 Qf7 20. Be3 Bd8 21. Qg4 Nf6 22. Nxf6 Bxf6 23. Qe4 a5 24. b5 Qd7 25. Rh3 Kf7 26. Qg6+ Ke7 27. Rf3 Rag8 28. Qe4 Qe8 29. b6 Qxh5 30. Rh3 Qf7 31. bxc7 1/2-1/2

[Event "Kahramanmaras op 7th"]
[Site "Kahramanmaras"]
[Date "2016.04.05"]
[Round "3.6"]
[White "Ozbilici, Abdullah"]
[Black "Yasin, Hur"]
[Result "0-1"]
[WhiteElo "1763"]
[BlackElo "2169"]
[PlyCount "74"]
[EventDate "2016.04.04"]
[EventType "swiss"]
[EventRounds "9"]
[EventCountry "TUR"]
[SourceTitle "EXT 2018"]
[Source "ChessBase"]
[SourceDate "2017.10.13"]
[SourceVersion "1"]
[SourceVersionDate "2017.10.13"]
[SourceQuality "1"]

1. d4 f5 2. g3 Nf6 3. Bg2 e6 4. Nh3 Be7 5. 0-0 c6 6. c3 d6 7. Nd2 e5 8. e4 exd4 9. cxd4 0-0 10. e5 dxe5 11. dxe5 Ng4 12. Qb3+ Kh8 13. Nf3 Nd7 14. Rd1 Qe8 15. Nf4 Bc5 16. Nd3 Bb6 17. h3 Nxf2 18. Nxf2 Nc5 19. Qa3 Ne4 20. Be3 Bxe3 21. Qxe3 Nxg3 22. Kh2 f4 23. Qc5 Be6 24. Ng5 Bg8 25. e6 Qh5 26. Bf3 Qh4 27. Nge4 Nxe4 28. Nxe4 Bxe6 29. Qf2 Qxh3+ 30. Kg1 Bd5 31. Qg2 Qf5 32. Nd6 Bxf3 33. Qxf3 Qg5+ 34. Qg2 Qe7 35. Qe4 Qf6 36. Rd2 f3 37. Rf1 Qg5+ 0-1

[Event "Manavgat Turkey Cup"]
[Site "Manavgat"]
[Date "2016.01.31"]
[Round "3"]
[White "Ozbilici, Abdullah"]
[Black "Kulkara, Sercan"]
[Result "1-0"]
[WhiteElo "1792"]
[BlackElo "1661"]
[PlyCount "103"]
[EventDate "2016.01.30"]
[EventType "swiss"]
[EventRounds "11"]
[EventCountry "TUR"]
[SourceTitle "CBM 170 Extra"]
[Source "ChessBase"]
[SourceDate "2016.02.25"]
[SourceVersion "1"]
[SourceVersionDate "2016.02.25"]
[SourceQuality "1"]

1. e4 c6 2. d4 d5 3. exd5 cxd5 4. Nf3 Bg4 5. Nbd2 Nf6 6. Bd3 Nc6 7. c3 e6 8. h3 Bh5 9. 0-0 Bd6 10. Qb3 Qe7 11. Re1 Bg6 12. Bxg6 hxg6 13. c4 Bf4 14. Nf1 Bxc1 15. Raxc1 0-0 16. Ne3 Qb4 17. Qc2 Rac8 18. a3 Qb6 19. c5 Qc7 20. b4 Qf4 21. Qd3 Ne4 22. Nf1 f6 23. Qe3 Qxe3 24. Nxe3 Rfd8 25. Red1 e5 26. b5 Na5 27. dxe5 Nb3 28. Rb1 Nbxc5 29. Rxd5 Rxd5 30. Nxd5 Rd8 31. Rd1 Ne6 32. Ne7+ Kf7 33. Rxd8 Nxd8 34. Nc8 a6 35. exf6 gxf6 36. Nd4 Nc3 37. bxa6 bxa6 38. Kf1 Ke8 39. Nb6 Nb1 40. a4 Nc3 41. Ke1 Nb7 42. Kd2 Ne4+ 43. Ke3 Nec5 44. Nc6 Kf7 45. Kd4 Ke6 46. Nd8+ Kd6 47. Nxb7+ Nxb7 48. Nc4+ Kc6 49. h4 Nd8 50. Nb2 Kd6 51. Nd3 Ne6+ 52. Ke3 1-0

[Event "Manavgat Turkey Cup"]
[Site "Manavgat"]
[Date "2015.02.03"]
[Round "6"]
[White "Araboga, Mesut"]
[Black "Ozbilici, Abdullah"]
[Result "1-0"]
[WhiteElo "1751"]
[BlackElo "1841"]
[PlyCount "99"]
[EventDate "2015.01.31"]
[EventType "swiss"]
[EventRounds "11"]
[EventCountry "TUR"]
[SourceTitle "CBM 164 Extra"]
[Source "ChessBase"]
[SourceDate "2015.03.02"]
[SourceVersion "1"]
[SourceVersionDate "2015.03.02"]
[SourceQuality "1"]

1. e4 c5 2. Nf3 d6 3. d4 cxd4 4. Nxd4 Nf6 5. Nc3 a6 6. Be3 Ng4 7. Bg5 h6 8. Bc1 Nc6 9. Nxc6 bxc6 10. h3 Nf6 11. Be2 Rb8 12. 0-0 e6 13. Re1 d5 14. exd5 cxd5 15. Bf3 Be7 16. b3 0-0 17. Bb2 Bb7 18. Ne2 Nd7 19. Rc1 Bf6 20. Bxf6 Qxf6 21. Ng3 Ne5 22. Be2 Ng6 23. c4 Nf4 24. Bf1 Qg5 25. Qd4 Rfc8 26. c5 h5 27. Rc3 h4 28. Re5 Qh6 29. Ne2 Ng6 30. f4 Nxe5 31. Qxe5 Qf6 32. Nd4 Qxe5 33. fxe5 Rc7 34. a3 Rbc8 35. b4 a5 36. Nb5 axb4 37. axb4 Re7 38. Nd6 Ra8 39. Nxb7 Rxb7 40. b5 Rc8 41. Kf2 Kf8 42. c6 Rb6 43. Ke3 Ke7 44. Kd4 Kd8 45. Kc5 Rbb8 46. Ra3 Rxc6+ 47. bxc6 f6 48. Ra7 Rc8 49. Kd6 Ke8 50. Rxg7 1-0

[Event "Manavgat Turkey Cup"]
[Site "Manavgat"]
[Date "2015.02.01"]
[Round "2"]
[White "Donmez, Yusuf"]
[Black "Ozbilici, Abdullah"]
[Result "1-0"]
[WhiteElo "2054"]
[BlackElo "1841"]
[PlyCount "67"]
[EventDate "2015.01.31"]
[EventType "swiss"]
[EventRounds "11"]
[EventCountry "TUR"]
[SourceTitle "CBM 164 Extra"]
[Source "ChessBase"]
[SourceDate "2015.03.02"]
[SourceVersion "1"]
[SourceVersionDate "2015.03.02"]
[SourceQuality "1"]

1. d4 d5 2. Nf3 c6 3. Bf4 Bf5 4. Nbd2 e6 5. e3 Nf6 6. Bd3 Bg6 7. 0-0 Bd6 8. Ne5 Nh5 9. Nxg6 hxg6 10. Bxd6 Qxd6 11. f4 f5 12. Rf3 Nd7 13. c3 0-0-0 14. b4 Nhf6 15. Rg3 Rh6 16. Nf3 Rdh8 17. Ng5 Qe7 18. h3 Nh7 19. Nf3 Nhf6 20. Rb1 Ne4 21. Bxe4 dxe4 22. Ng5 Re8 23. Qa4 Kb8 24. c4 Nb6 25. Qb3 Nd7 26. c5 Nf6 27. b5 Qd7 28. bxc6 Qxc6 29. Nf7 Nh5 30. Rg5 Rg8 31. Ne5 Qc8 32. c6 b6 33. Nd7+ Ka8 34. Qa4 1-0

[Event "Manavgat Turkey Cup"]
[Site "Manavgat"]
[Date "2015.02.01"]
[Round "3"]
[White "Ozbilici, Abdullah"]
[Black "Aliyev, Samil"]
[Result "1-0"]
[WhiteElo "1841"]
[BlackElo "1519"]
[PlyCount "105"]
[EventDate "2015.01.31"]
[EventType "swiss"]
[EventRounds "11"]
[EventCountry "TUR"]
[SourceTitle "CBM 164 Extra"]
[Source "ChessBase"]
[SourceDate "2015.03.02"]
[SourceVersion "1"]
[SourceVersionDate "2015.03.02"]
[SourceQuality "1"]

1. d4 Nf6 2. Nf3 e6 3. Bf4 d5 4. e3 Bd6 5. Bg3 0-0 6. Bd3 b6 7. Nbd2 Bb7 8. 0-0 Bxg3 9. fxg3 Nbd7 10. c4 c5 11. Rc1 Rc8 12. cxd5 exd5 13. Bf5 Rc7 14. Ne5 Nxe5 15. dxe5 Nd7 16. e6 fxe6 17. Bxe6+ Kh8 18. Qa4 Bc6 19. Qg4 Nf6 20. Qh3 Bd7 21. Bxd7 Rxd7 22. g4 Re7 23. g5 Ne4 24. Nxe4 Rxe4 25. g6 h6 26. Rxf8+ Qxf8 27. Rf1 Qd8 28. Qd7 Re8 29. Rf7 Qxd7 30. Rxd7 d4 31. exd4 cxd4 32. Rxd4 Kg8 33. Rd7 Ra8 34. g4 a5 35. Rb7 Kf8 36. Kf2 Ra6 37. a4 b5 38. Rxb5 Rxg6 39. h3 Rc6 40. Kf3 Rc4 41. b3 Rc3+ 42. Kg2 Kf7 43. h4 Kf6 44. g5+ hxg5 45. hxg5+ Kg6 46. Kf2 Kf7 47. Ke2 Ke6 48. Kd2 Rg3 49. Kc2 Rg2+ 50. Kc3 Rg3+ 51. Kb2 Rg2+ 52. Ka3 Kf7 53. Rxa5 1-0

[Event "Kemer Turkey Cup"]
[Site "Kemer"]
[Date "2014.02.03"]
[Round "4"]
[White "Ozbilici, Abdullah"]
[Black "Uygun, Umut Unal"]
[Result "1-0"]
[WhiteElo "1973"]
[BlackElo "1791"]
[PlyCount "110"]
[EventDate "2014.02.01"]
[EventType "swiss"]
[EventRounds "9"]
[EventCountry "TUR"]
[SourceTitle "CBM 158 Extra"]
[Source "ChessBase"]
[SourceDate "2014.02.28"]
[SourceVersion "1"]
[SourceVersionDate "2014.02.28"]
[SourceQuality "1"]

1. c4 Nf6 2. Nf3 c5 3. g3 g6 4. Bg2 Bg7 5. 0-0 0-0 6. Nc3 Nc6 7. e4 d6 8. d3 Bg4 9. h3 Bxf3 10. Bxf3 Qd7 11. Bg2 Ne8 12. Be3 Nd4 13. Ne2 Nxe2+ 14. Qxe2 Nc7 15. f4 Ne6 16. f5 Nd4 17. Qd1 Rab8 18. Rb1 b5 19. g4 b4 20. b3 f6 21. Qd2 e5 22. Kf2 a5 23. Bxd4 cxd4 24. Bf3 Qf7 25. Rfc1 Rfc8 26. Bd1 g5 27. a3 Qb7 28. Ra1 Ra8 29. Ra2 Bf8 30. axb4 axb4 31. Rca1 Ra3 32. Rxa3 bxa3 33. Rxa3 d5 34. Ra4 dxe4 35. dxe4 Qxe4 36. Bf3 Qb1 37. b4 e4 38. Qd1 e3+ 39. Kf1 Qb2 40. Be2 Kh8 41. b5 Rd8 42. Qa1 Qxa1+ 43. Rxa1 d3 44. Bf3 e2+ 45. Bxe2 dxe2+ 46. Kxe2 Bc5 47. Ra6 Kg7 48. Rc6 Be7 49. b6 Bd6 50. Rxd6 Rxd6 51. c5 Rc6 52. b7 Rxc5 53. b8Q Rc4 54. Qb7+ Kh6 55. Qa6 Re4+ 1-0